000 00459nam a22001697a 4500
005 20251108163349.0
008 250721s1989 xx 000 0 ara d
082 1 4 _a136.7/احم
100 1 _aأبو عرقوب، أحمد حسن
245 1 0 _aتطور لغة الطفل /
264 1 _aعمان :
_bمركز غنيم للتصميم،
_c1989.
300 _a124ص
650 1 7 _aالأطفال
650 1 7 _aالتدريس
942 _2ddc
_cBK
999 _c819
_d819